El hombre : confrontación Marcuse - Moltmann / Eric Volant ; tr. por Juan J. García Valencia

Guardat en:
Dades bibliogràfiques
Autor principal: Volant, Eric (autor)
Format: Llibre
Col·lecció:Col. "Punto Límite" (4)
Matèries:
Etiquetes: Afegir etiqueta
Sense etiquetes, Sigues el primer a etiquetar aquest registre!

MARC

LEADER 00000nam^a2200000^u^4500
001 000544189
005 20250521000000.0
008 060220s1000^^^^^^^^^^^^r^^^^^000^0^spa^d
009 20260310131322.696
035 |a FMI 000013294 
037 |a Acervo Xavier Clavigero 
096 |a 5.6.6/25/C 
100 |a Volant, Eric  |e (autor) 
245 1 3 |a El hombre : confrontación Marcuse - Moltmann / Eric Volant ; tr. por Juan J. García Valencia 
264 |a Santander : Sal Terrae, 1978 
300 |a 366 p. 
336 |a texto  |b txt  |2 rdacontenido 
337 |a sin mediación  |b n  |2 rdamedio 
338 |a volumen  |b nc  |2 rdasoporte 
440 0 |a Col. "Punto Límite" (4) 
597 |a Trad. del francés ("Le jeu des afrranchis"). 
649 |a XX 
650 |a Hombre y Mundo Actual 
910 |a Fondo Francisco Migoya Covarrubias S.J. 
920 |a Impresos - Libros 
930 |a Fondos Especiales 
905 |a 134 
901 |a SBC21065  |b IT2  |c ESP  |u 20250521 
902 |a https://opac.biblio.iteso.mx/vufind/Record/000544189